| 000 | 00510nam a2200193 a 4500 | ||
|---|---|---|---|
| 001 | 5912 | ||
| 003 | CO-ViMGA | ||
| 008 | 141112s2004 ck r 000 u spa d | ||
| 040 |
_aCO-ViMGA _bspa _cCO-ViMGA |
||
| 082 | 0 | 4 | _a923.1 A536c |
| 100 | 1 |
_aCavanillas, J. Cortes _94512 |
|
| 245 | 1 | 0 | _aAlfonso XIII, vida, confesiones y muerte |
| 250 | _a4a | ||
| 260 |
_aBarcelona : _bJuventud, _c1992 |
||
| 300 | _a478 p | ||
| 490 | _aGrandes biografĂas | ||
| 650 | 1 | 4 |
_aALFONSO XIII 1886 - 1941 _94513 |
| 942 |
_2ddc _cBK |
||
| 999 |
_c17888 _d17888 |
||